| 000 | 006020000a22001810004500 | ||
|---|---|---|---|
| 003 | MACL | ||
| 005 | 20160520150946.0 | ||
| 008 | 160520b xxu||||| |||| 00| 0 eng d | ||
| 040 |
_aMACL _cMACL |
||
| 041 | _aHindi | ||
| 082 | _a891.433 JOS | ||
| 100 |
_aजौशी, भोला दत्त _958538 |
||
| 245 |
_aबासठ मोती _cभोला दत्त जोशी |
||
| 260 |
_aनई दिल्ली _bअतुल्य पब्लिकेशन्स _c2012 |
||
| 350 | _a150 | ||
| 650 |
_aलघु कथा _957031 |
||
| 942 |
_cHIN _k891.433/JOS/S _2ddc |
||
| 999 |
_c48545 _d48545 |
||